اللعب و تربية الطفل للمعلمات في الروضة و الأباء و الأمهات في المنزل / (رقم التسجيلة. 122421)

تفاصيل مارك
000 -LEADER
fixed length control field 00701nam a22002177a 4500
005 - DATE AND TIME OF LATEST TRANSACTION
control field 20251108174944.0
008 - FIXED-LENGTH DATA ELEMENTS--GENERAL INFORMATION
fixed length control field 250721s2010 xx 000 0 ara d
082 14 - DEWEY DECIMAL CLASSIFICATION NUMBER
Classification number 649.5/غري
100 1# - MAIN ENTRY--PERSONAL NAME
Personal name الغرير، احمد
245 10 - TITLE STATEMENT
Title اللعب و تربية الطفل للمعلمات في الروضة و الأباء و الأمهات في المنزل /
264 1# - PRODUCTION, PUBLICATION, DISTRIBUTION, MANUFACTURE, AND COPYRIGHT NOTICE
Place of production, publication, distribution, manufacture عمان :
Name of producer, publisher, distributor, manufacturer دار اثراء للنشر،
Date of production, publication, distribution, manufacture, or copyright notice 2010.
300 ## - PHYSICAL DESCRIPTION
Extent 190ص.
650 17 - SUBJECT ADDED ENTRY--TOPICAL TERM
Topical term or geographic name as entry element اللعب
650 17 - SUBJECT ADDED ENTRY--TOPICAL TERM
Topical term or geographic name as entry element اللعب التربوية
650 17 - SUBJECT ADDED ENTRY--TOPICAL TERM
Topical term or geographic name as entry element رياض الأطفال
650 17 - SUBJECT ADDED ENTRY--TOPICAL TERM
Topical term or geographic name as entry element التعلم
650 17 - SUBJECT ADDED ENTRY--TOPICAL TERM
Topical term or geographic name as entry element الأطفال
700 1# - ADDED ENTRY--PERSONAL NAME
Personal name النوايسة، اديب
942 ## - ADDED ENTRY ELEMENTS (KOHA)
Source of classification or shelving scheme Dewey Decimal Classification
Koha item type كتب
المقتنيات
حالة السحب حالة الفقدان مصدر التصنيف حالة التلف غير قابل للإعارة المكتبة الرئيسية المكتبة الحالية موقع الرف تاريخ التزويد الرقم المتسلسل Total Checkouts رقم الإستدعاء الباركود تاريخ آخر ظهور تاريخ الفاتورة نوع المادة (كوها)
    Dewey Decimal Classification     المكتبة المركزية المكتبة المركزية مقتنيات قسم التزويد 23/12/2010 1421516   649.5/غري PLD00173969 28/07/2025 23/12/2010 كتب
    Dewey Decimal Classification     المكتبة المركزية المكتبة المركزية مقتنيات قسم التزويد 23/12/2010 1421517   649.5/غري PLD00173970 28/07/2025 23/12/2010 كتب
    Dewey Decimal Classification     المكتبة المركزية المكتبة المركزية مقتنيات قسم التزويد 23/12/2010 1421518   649.5/غري PLD00173971 28/07/2025 23/12/2010 كتب
    Dewey Decimal Classification     مكتبة أبو علندا العامة مكتبة أبو علندا العامة الإعارة 23/12/2010 1421498   649.5/غري PLD00173950 28/07/2025 23/12/2010 كتب
    Dewey Decimal Classification     مكتبة أم قصير والمقابلين العامة مكتبة أم قصير والمقابلين العامة الإعارة 23/12/2010 1421509   649.5/غري PLD00173962 28/07/2025 23/12/2010 كتب
    Dewey Decimal Classification     مكتبة الأميرة ايمان العامة مكتبة الأميرة ايمان العامة الإعارة 23/12/2010 1421501   649.5/غري PLD00173953 28/07/2025 23/12/2010 كتب
    Dewey Decimal Classification     مكتبة الاميرة بديعة مكتبة الاميرة بديعة الإعارة 23/12/2010 1421502   649.5/غري PLD00173954 28/07/2025 23/12/2010 كتب
    Dewey Decimal Classification     مكتبة الجويدة مكتبة الجويدة الإعارة 23/12/2010 1421503   649.5/غري PLD00173955 28/07/2025 23/12/2010 كتب
    Dewey Decimal Classification     مكتبة الحسن العامة مكتبة الحسن العامة الإعارة 23/12/2010 1421504   649.5/غري PLD00173957 28/07/2025 23/12/2010 كتب
    Dewey Decimal Classification     مكتبة الراية الهاشمية للأطفال مكتبة الراية الهاشمية للأطفال الإعارة 02/02/2015 1591174   649.5/غري PLD00315225 28/07/2025 02/02/2015 كتب
    Dewey Decimal Classification     مكتبة النصر العامة مكتبة النصر العامة الإعارة 23/12/2010 1421500   649.5/غري PLD00173952 28/07/2025 23/12/2010 كتب
    Dewey Decimal Classification     مكتبة حمزة العامة مكتبة حمزة العامة الإعارة 23/12/2010 1421505   649.5/غري PLD00173958 28/07/2025 23/12/2010 كتب
    Dewey Decimal Classification     مكتبة صويلح العامة مكتبة صويلح العامة الإعارة 23/12/2010 1421497   649.5/غري PLD00173949 28/07/2025 23/12/2010 كتب
    Dewey Decimal Classification     مكتبة وادي السير العامة مكتبة وادي السير العامة الإعارة 23/12/2010 1421499   649.5/غري PLD00173951 28/07/2025 23/12/2010 كتب
Implemented & Customized by: BBB with SCIT (Smart Chains for Information Technology)

Powered by Koha